000 00808nam a2200193Ii 4500
003 JO-AjNU
008 230605s9999||||xx |||||||||||||| ||und||
040 _aJO-AjNU
_bara
_erda
_cJO-AjNU
041 _aara
050 1 4 _aBP131.6
100 3 _aتاليف الحكيم، خادم الذكر، م.مشارك عبد الكريم بن محمد العباسي؛ تدقيق لغوي محمود قاسم زيتون,
_eauthor
_949874
245 0 0 _aالشامل في أحكام التجويد برواية حفص عن عاصم من الشاطبية
264 3 1 _aد.م: د.ن، د.ت
300 _a134ص
336 _atext
_btxt
_2rdacontent
337 _aunmediated
_bn
_2rdamedia
338 _avolume
_bnc
_2rdacarrier
650 4 _aاحكام التجويد - القراءات العشر - الاسلام
_949875
999 _aA21934
_c25502
_d25502